000 00688nam a2200217 4500
003 OSt
005 20240621080631.0
006 a
008 240621b |||||||| |||| 00| 0 eng d
020 _a9780137923585
040 _aDWCL-Main lib.
_cOC
082 _2Sixth edition
_aCirc. 428.42 M113i 2011
100 _aMcCormick, Sandra
245 _aInstructing students who have literacy problems /
250 _aSixth edition
260 _aBoston :
_bPearson Education. ,
_cc2011.
300 _axxv,
_b522 p. : ill . ;
_c26 cm.
504 _aIncludes bibliographical & index.
650 _a1. Reading- Remedial teaching- United States.
942 _2ddc
_n0
_cBK-CIRC
_eSixth edition
_kCirc.
999 _c1098
_d1098